banner-ar

موسوعة اعلام المسرح والمصطلحات المسرحية / (Record no. 65148)

MARC details
000 -الفاتح
حقل البيانات ثابتة الطول 00847nam a22002297a 4500
005 - وقت وتاريخ اخر تعامل مع التسجيلة
رقم الضبط 20240530110809.0
008 - عناصر البيانات ثابتة الطول - معلومات عامة
حقل البيانات ثابتة الطول 190115s2003 ua a g 000 0 ara d
017 ## - رقم الايداع القانونى
رقم الايداع القانونى 2003/4/696
المصدر ( الهيئة المختصة) الاردن. دائرة المكتبة الوطنية
040 ## - مصدر الفهرسة
وكالة الفهرسة الأصلية EG-CaGPL
وكالة النسخ EG-CaGPL
082 04 - رقم تصنيف ديوى العشرى
رقم الطبعة 21
رقم التصنيف 792.09 /
رقم المادة و م
100 0# - المدخل الرئيسى - إسم شخصى
الإسم الشخصى وليد البكرى
245 10 - بيان العنوان
العنوان موسوعة اعلام المسرح والمصطلحات المسرحية /
بيان المسئوليه,etc تأليف وليد البكرى
250 ## - بيان الطبعة
بيان الطبعة ط.1
260 ## - PUBLICATION, DISTRIBUTION, ETC. (IMPRINT)
تاريخ النشر أو التوزيع 2003.
300 ## - الوصف المادى
التعداد 312 ص. :
تفاصيل ماديه اخرى للوعاء ايض ؛
أبعاد الوعاء 24 سم.
650 07 - المدخل الاضافى بالموضوع-مصطلح موضوعى
مصدر الرأس أو المصطلح qrmak
مصطلح موضوعي المسرح
650 07 - المدخل الاضافى بالموضوع-مصطلح موضوعى
مصطلح موضوعي المسرح
التقسيم الفرعي الشكلي تراجم
650 07 - المدخل الاضافى بالموضوع-مصطلح موضوعى
مصطلح موضوعي المسرحيات العربية
مصدر الرأس أو المصطلح qrmak
651 ## - المدخل الاضافى بالموضوع - اسم جغرافى
مصدر الرأس أو المصطلح qrmak
942 ## - عناصر المدخل الإضافي( كوها)
مصدر التصنيف او مخطط الترفيف Dewey Decimal Classification
Koha [default] item type كتاب
260 ## - PUBLICATION, DISTRIBUTION, ETC. (IMPRINT)
-- عمان :
-- دار اسامة للنشر والتوزيع،
Holdings
حالة التراجع حالة الفقد حالة تلف ليس للاعارة المكان المؤقت الموقع الحالى موقع الترفيف تاريخ الاكتساب اجمالي اﻻعارات رقم الطلب الباركود تاريخ اخر مشاهدة تاريخ تفعيل السعر نوع وعاء كوها
        مكتبة القاهرة الكبرى مكتبة القاهرة الكبرى   04/07/2019   792.09 / و م 165772 04/07/2019 04/07/2019 كتاب

Powered By

EGPV